Baraże europejskiej strefy na Mistrzostwa Świata 2026 - Statystyki

Ogólne statystyki
  • Ten quiz został rozwiązany 69 razy
  • Średni wynik to 14 z 16
Statystyki odpowiedzi
Ścieżka Reprezentacja % Poprawnych
Ścieżka B Albania
98%
Ścieżka B Polska
98%
Ścieżka B Szwecja
96%
Ścieżka B Ukraina
96%
Ścieżka A Włochy
96%
Ścieżka D Irlandia
92%
Ścieżka A Bośnia i Hercegowina
90%
Ścieżka D Czechy
90%
Ścieżka D Dania
90%
Ścieżka C Kosowo
90%
Ścieżka C Turcja
90%
Ścieżka A Irlandia Północna
83%
Ścieżka C Słowacja
81%
Ścieżka A Walia
81%
Ścieżka D Macedonia Północna
77%
Ścieżka C Rumunia
77%
Nie znaleziono quizów pasujących do podanych kryteriów
Rozkład punktacji
Procent ludzi z każdym wynikiem
Percentyl według liczby udzielonych odpowiedzi
Twoja historia wyników
Nie rozwiązałeś tego quizu